[Event "PRO League Group Stage"]
[Site "chess.com INT"]
[Date "2019.03.14"]
[Round "10"]
[White "Stevanic, David"]
[Black "Herrera Reyes, Jose Antonio"]
[Result "0-1"]
[WhiteTitle "FM"]
[BlackTitle "FM"]
[WhiteElo "2304"]
[BlackElo "2324"]
[WhiteTeam "Ljubljana Turtles"]
[BlackTeam "Barcelona Raptors"]
[WhiteFideId "14613921"]
[BlackFideId "2274914"]
[EventDate "2019.01.08"]

1. e4 c5 2. Nf3 e6 3. d4 cxd4 4. Nxd4 a6 5. c4 Qc7 6. Nc3 Nf6 7. Be2 d6 8. O-O
Nbd7 9. f4 Be7 10. a3 b6 11. b4 Bb7 12. Qc2 Rc8 13. Bb2 h5 14. Rac1 h4 15. Bd3
h3 16. g3 Qb8 17. Qe2 Qa7 18. e5 b5 19. c5 dxc5 20. exf6 c4 21. Nxb5 axb5 22.
fxe7 cxd3 23. Rxc8+ Bxc8 24. Qxd3 Kxe7 25. Qe3 Qb7 26. Rf2 Qd5 27. f5 Bb7 28.
Kf1 e5 29. f6+ gxf6 30. Nf5+ Kf8 31. Rd2 Qh1+ 32. Ke2 Qxh2+ 33. Kd1 Qh1+ 34. Kc2
Qe4+ 35. Kb3 Qc4# 0-1

[Event "PRO League Group Stage"]
[Site "chess.com INT"]
[Date "2019.03.14"]
[Round "10"]
[White "Vachier-Lagrave, Maxime"]
[Black "Tomczak, Jacek"]
[Result "0-1"]
[WhiteTitle "GM"]
[BlackTitle "GM"]
[WhiteElo "2780"]
[BlackElo "2631"]
[WhiteTeam "Marseille Migraines"]
[BlackTeam "Berlin Bears"]
[WhiteFideId "623539"]
[BlackFideId "1124668"]
[EventDate "2019.01.08"]

1. e4 e6 2. d4 d5 3. e5 c5 4. c3 Nc6 5. Nf3 Qb6 6. a3 f6 7. Bd3 fxe5 8. dxe5 c4
9. Bc2 g6 10. O-O Bg7 11. Re1 Nh6 12. Bxh6 Bxh6 13. b3 cxb3 14. Bxb3 O-O 15. Ra2
Na5 16. Nd4 Bd7 17. Bc2 Rac8 18. h4 Nc6 19. h5 Nxd4 20. cxd4 Be8 21. hxg6 hxg6
22. Nd2 Qxd4 23. Nf3 Qxd1 24. Rxd1 Bf7 25. g3 Bg7 26. Re1 Rc4 27. Kg2 Rfc8 28.
Bd3 Rc3 29. Bf1 Rc1 30. Rxc1 Rxc1 31. a4 Kf8 32. Rb2 Rc7 33. a5 Ke7 34. Bd3 Be8
35. Rb4 d4 36. Rxd4 Rc5 37. Rb4 Bc6 38. Bxg6 Rxe5 39. a6 b6 40. Bd3 Rc5 41. Be4
Bc3 0-1

[Event "PRO League Group Stage"]
[Site "chess.com INT"]
[Date "2019.03.14"]
[Round "10"]
[White "Braun, Arik"]
[Black "Fressinet, Laurent"]
[Result "1-0"]
[WhiteTitle "GM"]
[BlackTitle "GM"]
[WhiteElo "2598"]
[BlackElo "2655"]
[WhiteTeam "Berlin Bears"]
[BlackTeam "Marseille Migraines"]
[WhiteFideId "4663527"]
[BlackFideId "608742"]
[EventDate "2019.01.08"]

1. d4 Nf6 2. c4 g6 3. Nf3 Bg7 4. e3 O-O 5. Be2 b6 6. O-O Bb7 7. Nc3 Ne4 8. Nxe4
Bxe4 9. d5 d6 10. Nd2 Bf5 11. e4 Bc8 12. Rb1 c6 13. b3 cxd5 14. cxd5 Nd7 15. Bb2
Nf6 16. Bd3 Bd7 17. Qe2 Rc8 18. Nf3 Bg4 19. Rfc1 Rc7 20. Rxc7 Qxc7 21. Rc1 Qb8
22. Ba6 b5 23. Qxb5 Nxe4 24. Bxg7 Kxg7 25. Nd4 Nc5 26. Qxb8 Rxb8 27. Bf1 Rb7 28.
Nc6 Rc7 29. b4 Na4 30. f3 Bd7 31. b5 e6 32. dxe6 fxe6 33. Kf2 Kf6 34. Kg3 d5 35.
f4 Bxc6 36. bxc6 Ke7 37. Bb5 Nb6 38. Kg4 Kd6 39. Kg5 Nc4 40. h4 Kc5 41. a4 Kd6
42. g4 Nd2 43. h5 Ne4+ 44. Kh6 gxh5 45. gxh5 Nf6 46. Rg1 d4 47. Rd1 Ng4+ 48. Kg5
Rg7+ 49. Kh4 Ne3 50. Rxd4+ Kc5 51. Rd7 Nf5+ 52. Kh3 Rg3+ 53. Kh2 Rc3 54. Rxa7
Kd4 55. c7 Ke4 56. Ra6 Kxf4 57. Rc6 Rxc6 58. Bxc6 Ne7 59. Bd7 e5 60. c8=Q 1-0

[Event "PRO League Group Stage"]
[Site "chess.com INT"]
[Date "2019.03.14"]
[Round "10"]
[White "Moussard, Jules"]
[Black "Bezold, Michael"]
[Result "1-0"]
[WhiteTitle "GM"]
[BlackTitle "GM"]
[WhiteElo "2605"]
[BlackElo "2487"]
[WhiteTeam "Marseille Migraines"]
[BlackTeam "Berlin Bears"]
[WhiteFideId "642908"]
[BlackFideId "4601718"]
[EventDate "2019.01.08"]

1. b3 b6 2. Bb2 Bb7 3. Nf3 e6 4. g3 Bxf3 5. exf3 Nf6 6. Bg2 d5 7. O-O g6 8. f4
Bg7 9. d3 O-O 10. Nd2 Nfd7 11. c3 c5 12. h4 Nc6 13. h5 b5 14. Rb1 Rc8 15. a3 a5
16. Nf3 b4 17. cxb4 Bxb2 18. Rxb2 axb4 19. axb4 Qf6 20. Re2 cxb4 21. d4 Na7 22.
Ne5 Nxe5 23. fxe5 Qg5 24. hxg6 hxg6 25. Re3 Nb5 26. Qd3 Na3 27. Qd2 Nc2 28. f4
Qe7 29. Rd3 Na3 30. f5 exf5 31. Bxd5 Kg7 32. Bg2 Rc2 33. Qf4 Nb5 34. Rf2 Rxf2
35. Qxf2 Rc8 36. Bf1 Nc3 37. Qf4 Qe6 38. g4 fxg4 39. Rg3 Nd5 40. Qf2 Rc1 41. Kg2
Qc6 42. Kg1 Rc2 43. Qe1 Qc8 44. Bc4 Qh8 45. Bxd5 Qh2+ 46. Kf1 Ra2 47. Bg2 Qh6
48. Qe3 Ra1+ 49. Kf2 Qh2 50. Rxg4 Ra6 51. d5 Ra2+ 52. Kf3 Qh5 53. Qd4 Qf5+ 54.
Kg3 Rc2 55. Be4 1-0

[Event "PRO League Group Stage"]
[Site "chess.com INT"]
[Date "2019.03.14"]
[Round "10"]
[White "Vallejo Pons, Francisco"]
[Black "Tari, Aryan"]
[Result "1/2-1/2"]
[WhiteTitle "GM"]
[BlackTitle "GM"]
[WhiteElo "2698"]
[BlackElo "2625"]
[WhiteTeam "Barcelona Raptors"]
[BlackTeam "Norway Gnomes"]
[WhiteFideId "2205530"]
[BlackFideId "1510045"]
[EventDate "2019.01.08"]

1. d4 Nf6 2. c4 g6 3. Bg5 Bg7 4. Nc3 d5 5. Bxf6 Bxf6 6. cxd5 c6 7. e4 Bg7 8.
dxc6 Nxc6 9. d5 Nd4 10. Nge2 Nxe2 11. Bxe2 Bd7 12. O-O Qb6 13. Qd2 O-O 14. Rfd1
Rfc8 15. h3 Qb4 16. Rac1 Rc5 17. Nb1 Qxd2 18. Nxd2 Rac8 19. Rxc5 Rxc5 20. d6 e6
21. Nb3 Rc2 22. Bd3 Rc8 23. Rd2 Be5 24. g3 g5 25. Na5 b5 26. Nb7 Rc1+ 27. Kg2
Bc8 28. Nd8 Bd7 29. Be2 Rc8 30. Nb7 Kf8 31. a3 Ke8 32. b4 Rc3 33. Nc5 Bc6 34.
d7+ Kd8 35. Bh5 Rxc5 36. bxc5 f5 37. Kf1 fxe4 38. Be2 a5 39. Rd1 b4 40. axb4
axb4 41. Bc4 Ba4 42. Rb1 Bc3 43. Bxe6 Bc2 44. Rb3 Bxb3 45. Bxb3 Kxd7 46. Bc2 h6
47. Bxe4 b3 48. Ke2 b2 49. c6+ Kd6 50. Kf3 Bd4 51. Kg2 b1=Q 52. Bxb1 Kxc6 53. f4
gxf4 54. gxf4 Kd6 55. Kf3 Ke7 1/2-1/2

[Event "PRO League Group Stage"]
[Site "chess.com INT"]
[Date "2019.03.14"]
[Round "10"]
[White "Christiansen, Johan-Sebastian"]
[Black "Diaz Camallonga, Carles"]
[Result "1-0"]
[WhiteTitle "GM"]
[BlackTitle "IM"]
[WhiteElo "2559"]
[BlackElo "2432"]
[WhiteTeam "Norway Gnomes"]
[BlackTeam "Barcelona Raptors"]
[WhiteFideId "1512668"]
[BlackFideId "22235256"]
[EventDate "2019.01.08"]

1. Nf3 Nf6 2. c4 e6 3. g3 d5 4. Bg2 dxc4 5. Qa4+ Bd7 6. Qxc4 c5 7. Ne5 Qc8 8.
Qd3 Nc6 9. Nxd7 Nxd7 10. O-O Be7 11. Nc3 O-O 12. b3 Qc7 13. Bb2 Nf6 14. Rfd1
Rfd8 15. Qb1 Rac8 16. d3 b6 17. Qc2 Qd7 18. Rac1 Ne8 19. Qb1 Bf6 20. Qa1 Nd6 21.
Rd2 Nf5 22. Rcd1 h6 23. Bh3 Nfe7 24. Qc1 Qe8 25. Ba3 Nd5 26. Ne4 Be7 27. Bb2 f5
28. Nc3 Bf6 29. Bg2 Nxc3 30. Bxc3 Qe7 31. Qb2 Kf7 32. e3 Bxc3 33. Qxc3 Qf6 34.
Qc4 Qe7 35. d4 Nb4 36. d5 exd5 37. Bxd5+ Kf8 38. Bf3 Rxd2 39. Rxd2 Nc6 40. Qf4
Qf7 41. Qd6+ Ne7 42. Qd7 Qe8 43. Qxa7 b5 44. Rc2 c4 45. bxc4 bxc4 46. a4 c3 47.
Qd4 Rc7 48. a5 Qc8 49. a6 Rd7 50. Rxc3 Rxd4 51. Rxc8+ Nxc8 52. exd4 Ke7 53. Bb7
Na7 54. Kf1 Kd6 55. Ke2 g5 56. Ke3 Nb5 57. h4 Na7 58. Kd3 Kc7 59. Kc4 Kd6 60.
Kd3 Kc7 61. Ke3 Kd6 62. Kf3 Ke6 63. hxg5 hxg5 64. g4 Kf6 65. d5 Ke5 66. gxf5
Kxf5 67. Kg3 Kf6 68. Kg4 Kg6 69. d6 Kf6 70. d7 Ke7 71. Bc8 Nc6 72. Kxg5 Kd8 73.
f4 1-0

[Event "PRO League Group Stage"]
[Site "chess.com INT"]
[Date "2019.03.14"]
[Round "10"]
[White "Alvarado Diaz, Alejandro"]
[Black "Hauge, Lars Oskar"]
[Result "0-1"]
[WhiteTitle "IM"]
[BlackTitle "IM"]
[WhiteElo "2388"]
[BlackElo "2466"]
[WhiteTeam "Barcelona Raptors"]
[BlackTeam "Norway Gnomes"]
[WhiteFideId "2276119"]
[BlackFideId "1509276"]
[EventDate "2019.01.08"]

1. e4 c5 2. Nc3 a6 3. g3 b5 4. Bg2 Bb7 5. Nge2 e6 6. d4 cxd4 7. Nxd4 d6 8. O-O
Qc7 9. Re1 Nd7 10. a4 b4 11. Na2 a5 12. c3 bxc3 13. Nxc3 Be7 14. Bf4 e5 15. Nf5
exf4 16. Nb5 Qb6 17. e5 dxe5 18. Bxb7 Rd8 19. Bg2 fxg3 20. hxg3 Kf8 21. Rc1 Bc5
22. Qf3 Ngf6 23. Rcd1 g6 24. Nfd6 Kg7 25. Nc4 Qe6 26. Nxa5 Bb4 27. Nb7 Bxe1 28.
Nxd8 Bxf2+ 29. Qxf2 Rxd8 30. Nc3 Rb8 31. a5 h5 32. Ra1 Ng4 33. Qe2 Qd6 34. Bf3
Qd4+ 35. Kh1 Nf2+ 36. Kg2 Nd3 37. Nd1 Nxb2 38. a6 Nc4 39. a7 Qxa1 40. axb8=Q
Nxb8 41. Qxc4 Qa7 42. Qc8 Nd7 43. Nf2 Nf6 44. Qc3 Qe7 45. Qe3 Qe6 46. Qe1 Ne8
47. Qe2 Nd6 48. Ne4 Nf5 49. Ng5 Qe7 50. Ne4 Nd4 51. Qe3 f5 52. Nf2 Qd6 53. Qc3
Kh7 54. Qc8 Ne6 55. Qb7+ Kh6 56. Qa8 Kg7 57. Qb7+ Kf6 58. Qb2 Kf7 59. Qb7+ Qe7
60. Qa8 e4 61. Be2 Kg7 62. Bc4 Ng5 63. Qg8+ Kh6 64. Qh8+ Nh7 65. Qd4 Nf6 66. Nh3
g5 67. Ng1 Kg6 68. Ne2 Qb7 69. Qd8 e3+ 70. Kh2 Qf3 71. Qc8 Ng4+ 72. Kg1 Qf2+ 0-1

[Event "PRO League Group Stage"]
[Site "chess.com INT"]
[Date "2019.03.14"]
[Round "10"]
[White "Kaasen, Tor Fredrik"]
[Black "Herrera Reyes, Jose Antonio"]
[Result "1-0"]
[WhiteTitle "IM"]
[BlackTitle "FM"]
[WhiteElo "2409"]
[BlackElo "2324"]
[WhiteTeam "Norway Gnomes"]
[BlackTeam "Barcelona Raptors"]
[WhiteFideId "1516647"]
[BlackFideId "2274914"]
[EventDate "2019.01.08"]

1. e4 c5 2. Nf3 e6 3. d4 cxd4 4. Nxd4 a6 5. Bd3 Qc7 6. O-O Nf6 7. c4 d6 8. Nc3
Nbd7 9. Nf3 Be7 10. b3 b6 11. Bb2 Bb7 12. Rc1 Rc8 13. Re1 Qb8 14. Qd2 Bd8 15.
Nd5 exd5 16. exd5+ Kf8 17. Bf5 Be7 18. Bxd7 Nxd7 19. Bxg7+ Kxg7 20. Rxe7 Ne5 21.
Nxe5 dxe5 22. Qg5+ Kf8 23. Qf6 Bxd5 24. Rd1 Qa8 25. cxd5 Qxd5 26. Qh6+ Kxe7 27.
Rxd5 Rhd8 28. Rxd8 Rxd8 29. h4 Rd1+ 30. Kh2 Rd4 31. Qxb6 Rxh4+ 32. Kg3 Rd4 33.
Qxa6 f5 34. Qb7+ Kf6 35. a4 h5 36. f3 h4+ 37. Kh2 Kg5 38. a5 h3 39. Qg7+ Kf4 40.
Qh6# 1-0

[Event "PRO League Group Stage"]
[Site "chess.com INT"]
[Date "2019.03.14"]
[Round "10"]
[White "Van Foreest, Jorden"]
[Black "Lagarde, Maxime"]
[Result "0-1"]
[WhiteTitle "GM"]
[BlackTitle "GM"]
[WhiteElo "2612"]
[BlackElo "2604"]
[WhiteTeam "Amsterdam Mosquitoes"]
[BlackTeam "Cannes Blitzstreams"]
[WhiteFideId "1039784"]
[BlackFideId "662399"]
[EventDate "2019.01.08"]

1. e4 e6 2. d4 d5 3. Nc3 Bb4 4. e5 Ne7 5. a3 Bxc3+ 6. bxc3 c5 7. Qg4 O-O 8. Bd3
f5 9. exf6 Rxf6 10. Bg5 Rf7 11. Qh5 g6 12. Qd1 Nbc6 13. Nf3 Qf8 14. O-O c4 15.
Be2 h6 16. Bd2 Nf5 17. a4 Bd7 18. a5 Nd6 19. Qc1 Kh7 20. Rb1 Be8 21. Be3 Ne4 22.
Qe1 Qa3 23. Ra1 Qb2 24. h4 Nxc3 25. h5 gxh5 26. Nh4 Rg7 27. Bf3 Ne4 28. Bxe4+
dxe4 29. Bd2 Nxd4 30. Qe3 Rd8 31. Kh1 Qxc2 32. Qxh6+ Kg8 33. Ra3 e3 34. Bxe3 Qe4
35. Bg5 Rd5 36. Bf6 Nf5 37. Qc1 Nxh4 38. f3 Qg6 39. Qb2 c3 40. Bxc3 Qxg2+ 41.
Qxg2 Rxg2 42. Be1 Bb5 43. Rf2 Rxf2 44. Bxf2 Nf5 45. Bxa7 Rd3 46. Ra1 Rxf3 47.
Kh2 Rf2+ 48. Kg1 Rf3 49. Kg2 Bc6 50. Kg1 Rg3+ 51. Kf1 Rg2 52. Rc1 Ng3+ 53. Ke1
Re2+ 0-1

[Event "PRO League Group Stage"]
[Site "chess.com INT"]
[Date "2019.03.14"]
[Round "10"]
[White "Cornette, Matthieu"]
[Black "Klein, David"]
[Result "1-0"]
[WhiteTitle "GM"]
[BlackTitle "GM"]
[WhiteElo "2587"]
[BlackElo "2492"]
[WhiteTeam "Cannes Blitzstreams"]
[BlackTeam "Amsterdam Mosquitoes"]
[WhiteFideId "620084"]
[BlackFideId "1003623"]
[EventDate "2019.01.08"]

1. e4 c5 2. Nf3 d6 3. Nc3 a6 4. g3 Nf6 5. e5 dxe5 6. Nxe5 Nbd7 7. d4 e6 8. Be3
cxd4 9. Bxd4 Qc7 10. Qe2 b5 11. Bg2 Bb7 12. Bxb7 Qxb7 13. O-O-O Nxe5 14. Qxe5
Rc8 15. Rhg1 b4 16. Ne2 Qc6 17. Kb1 Qxc2+ 18. Ka1 Qe4 19. Rc1 Rd8 20. Qc7 Be7
21. Rge1 Qd5 22. Bb6 Ra8 23. Red1 Qf3 24. Ng1 Qe4 25. f3 Qf5 26. Qc6+ Kf8 27.
Qxa8+ Ne8 28. Rc8 Qb5 29. Ne2 g5 30. Nd4 Qd7 31. Nxe6+ Qxe6 32. Rxe8+ Kg7 33.
Rxh8 Qxb6 34. Qg8+ Kf6 35. Rxh7 Qe6 36. Rh6+ 1-0

[Event "PRO League Group Stage"]
[Site "chess.com INT"]
[Date "2019.03.14"]
[Round "10"]
[White "Admiraal, Miguoel"]
[Black "Libiszewski, Fabien"]
[Result "1/2-1/2"]
[WhiteTitle "IM"]
[BlackTitle "GM"]
[WhiteElo "2478"]
[BlackElo "2481"]
[WhiteTeam "Amsterdam Mosquitoes"]
[BlackTeam "Cannes Blitzstreams"]
[WhiteFideId "1019716"]
[BlackFideId "616834"]
[EventDate "2019.01.08"]

1. c3 e5 2. d4 exd4 3. cxd4 d5 4. Nc3 c6 5. Bf4 Bd6 6. Bxd6 Qxd6 7. e3 Bf5 8.
Nge2 Nd7 9. Ng3 Bg6 10. h4 h6 11. h5 Bh7 12. Bd3 Bxd3 13. Qxd3 Ne7 14. O-O-O
O-O-O 15. Kb1 Kb8 16. Nf5 1/2-1/2

[Event "PRO League Group Stage"]
[Site "chess.com INT"]
[Date "2019.03.14"]
[Round "10"]
[White "Bordi, Kevin"]
[Black "Lopez, Jasel"]
[Result "1/2-1/2"]
[BlackTitle "FM"]
[WhiteElo "2288"]
[BlackElo "2388"]
[WhiteTeam "Cannes Blitzstreams"]
[BlackTeam "Amsterdam Mosquitoes"]
[WhiteFideId "621862"]
[BlackFideId "15900045"]
[EventDate "2019.01.08"]

1. d4 d5 2. Bf4 Nf6 3. e3 e6 4. c4 Bd6 5. Bxd6 cxd6 6. Nc3 dxc4 7. Bxc4 O-O 8.
Nf3 b6 9. O-O Bb7 10. Re1 Nbd7 11. e4 e5 12. dxe5 Nxe5 13. Bb3 Nxf3+ 14. Qxf3
Re8 15. Qf4 Re5 16. f3 Qe7 17. Red1 d5 18. exd5 Nxd5 19. Nxd5 Bxd5 20. Bxd5 Qc5+
21. Qd4 Rxd5 1/2-1/2

[Event "PRO League Group Stage"]
[Site "chess.com INT"]
[Date "2019.03.14"]
[Round "10"]
[White "Sebenik, Matej"]
[Black "Alekseenko, Kirill"]
[Result "0-1"]
[WhiteTitle "GM"]
[BlackTitle "GM"]
[WhiteElo "2540"]
[BlackElo "2637"]
[WhiteTeam "Ljubljana Turtles"]
[BlackTeam "Baden-Baden Snowballs"]
[WhiteFideId "14602296"]
[BlackFideId "4135539"]
[EventDate "2019.01.08"]

1. d4 d5 2. c4 dxc4 3. e3 e5 4. Bxc4 Nc6 5. Nf3 e4 6. Qb3 Nh6 7. Nfd2 f5 8. Nc3
a6 9. Qd1 Nf7 10. a3 Bd6 11. O-O O-O 12. f4 exf3 13. Nxf3 Kh8 14. b4 Qe7 15. Qd3
Be6 16. Bxe6 Qxe6 17. d5 Qd7 18. Qc2 Nce5 19. Nd4 Nh6 20. h3 Qe7 21. Nxf5 Nxf5
22. Rxf5 Rxf5 23. Qxf5 Rf8 24. Qe6 Qh4 0-1

[Event "PRO League Group Stage"]
[Site "chess.com INT"]
[Date "2019.03.14"]
[Round "10"]
[White "Donchenko, Alexander"]
[Black "Pavasovic, Dusko"]
[Result "1-0"]
[WhiteTitle "GM"]
[BlackTitle "GM"]
[WhiteElo "2604"]
[BlackElo "2546"]
[WhiteTeam "Baden-Baden Snowballs"]
[BlackTeam "Ljubljana Turtles"]
[WhiteFideId "24603295"]
[BlackFideId "14600986"]
[EventDate "2019.01.08"]

1. Nf3 d5 2. g3 Bg4 3. Bg2 Nd7 4. h3 Bh5 5. c4 e6 6. d4 c6 7. O-O Ngf6 8. cxd5
exd5 9. Nh4 Bg6 10. Nc3 Be7 11. f4 Be4 12. Nxe4 Nxe4 13. Nf5 O-O 14. Qb3 Rb8 15.
g4 Nd6 16. Nxe7+ Qxe7 17. f5 Rfe8 18. Bf4 Nb6 19. Qf3 f6 20. g5 Rbd8 21. Qg4
Nbc4 22. gxf6 Qxf6 23. Bg5 Qf7 24. Bxd8 Ne3 25. Qf4 Nxf1 26. Qxd6 Ne3 27. Bh4
Nxg2 28. Kxg2 Rxe2+ 29. Kg1 h6 30. Qg6 Qc7 31. Bg3 Qb6 32. Rd1 1-0

[Event "PRO League Group Stage"]
[Site "chess.com INT"]
[Date "2019.03.14"]
[Round "10"]
[White "Skuhala, Jernej"]
[Black "Kollars, Dmitrij"]
[Result "0-1"]
[WhiteTitle "FM"]
[BlackTitle "GM"]
[WhiteElo "2277"]
[BlackElo "2562"]
[WhiteTeam "Ljubljana Turtles"]
[BlackTeam "Baden-Baden Snowballs"]
[WhiteFideId "14605651"]
[BlackFideId "12909572"]
[EventDate "2019.01.08"]

1. e4 e5 2. Nf3 Nc6 3. Bb5 a6 4. Ba4 Nf6 5. O-O Bc5 6. c3 b5 7. Bc2 d5 8. d4
dxe4 9. dxc5 Qxd1 10. Bxd1 exf3 11. Bxf3 e4 12. Be2 Bg4 13. Bxg4 Nxg4 14. Bf4
O-O-O 15. a4 b4 16. cxb4 Nxb4 17. Nc3 Nd3 18. Be3 f5 19. Bg5 Rd4 20. f3 exf3 21.
Rxf3 Rf8 22. Rd1 Nge5 23. Re3 Rg4 24. Be7 Rf7 25. h3 Rc4 26. Nd5 Nxb2 27. Rd2
Rc1+ 28. Kh2 Nbc4 29. Bg5 Nxe3 30. Nxe3 h6 31. Rd8+ Kb7 32. Bf4 Nc6 0-1

[Event "PRO League Group Stage"]
[Site "chess.com INT"]
[Date "2019.03.14"]
[Round "10"]
[White "Agrest, Inna"]
[Black "Stevanic, David"]
[Result "0-1"]
[WhiteTitle "WIM"]
[BlackTitle "FM"]
[WhiteElo "2275"]
[BlackElo "2304"]
[WhiteTeam "Baden-Baden Snowballs"]
[BlackTeam "Ljubljana Turtles"]
[WhiteFideId "1708830"]
[BlackFideId "14613921"]
[EventDate "2019.01.08"]

1. e4 e5 2. Nf3 Nc6 3. Bb5 a6 4. Ba4 Nf6 5. O-O Be7 6. Re1 b5 7. Bb3 O-O 8. h3
Bb7 9. c3 d5 10. d3 dxe4 11. dxe4 Qxd1 12. Bxd1 Bd6 13. Bg5 Nd7 14. Nbd2 h6 15.
Be3 Ne7 16. Bc2 Nf6 17. Rad1 Rad8 18. Nh2 Ng6 19. g3 Rfe8 20. Nhf1 Nf8 21. f3
Ne6 22. Nb3 c5 23. h4 Ba8 24. Bf2 c4 25. Nbd2 Bc5 26. b4 cxb3 27. Nxb3 Bxf2+ 28.
Kxf2 Rc8 29. Rd3 b4 30. Ree3 Red8 31. Rxd8+ Nxd8 32. Bd3 bxc3 33. Bxa6 Bb7 34.
Bxb7 Nxb7 35. Re1 Nd6 36. Ne3 Nb5 37. Rc1 Ra8 38. Rc2 Nd4 39. Nxd4 exd4 40. Nf5
Rd8 41. Ne7+ Kf8 42. Nc6 d3 43. Rxc3 d2 44. Nxd8 d1=Q 45. Rc8 Qd2+ 46. Kf1 Qd3+
47. Kf2 Qd4+ 48. Kf1 Qa1+ 49. Kf2 Qxa2+ 50. Kg1 Qb1+ 51. Kh2 Qa2+ 52. Kh3 Ke7
53. Rb8 Qa3 54. Nc6+ Kd7 55. Ne5+ Ke6 56. Nc4 Qxf3 57. Rb6+ Ke7 58. Rb7+ Kd8 59.
Rb8+ Kc7 60. Ne5 Qh1# 0-1

[Event "PRO League Group Stage"]
[Site "chess.com INT"]
[Date "2019.03.14"]
[Round "10"]
[White "Tomczak, Jacek"]
[Black "Vallejo Pons, Francisco"]
[Result "1-0"]
[WhiteTitle "GM"]
[BlackTitle "GM"]
[WhiteElo "2631"]
[BlackElo "2698"]
[WhiteTeam "Berlin Bears"]
[BlackTeam "Barcelona Raptors"]
[WhiteFideId "1124668"]
[BlackFideId "2205530"]
[EventDate "2019.01.08"]

1. e4 e5 2. Nf3 Nc6 3. d4 exd4 4. Nxd4 Nf6 5. Nxc6 bxc6 6. e5 Qe7 7. Qe2 Nd5 8.
Nd2 Rb8 9. Nf3 Qb4+ 10. Kd1 Nc3+ 11. bxc3 Qxc3 12. e6 fxe6 13. Qe5 Qxe5 14. Nxe5
Be7 15. f4 Bf6 16. c3 d6 17. Nxc6 Rb6 18. Nd4 c5 19. Ne2 Ba6 20. Kc2 Kf7 21. Ng3
Bb7 22. Rg1 h5 23. Bd3 c4 24. Be4 h4 25. Bxb7 hxg3 26. Bf3 gxh2 27. Rh1 d5 28.
Be3 Rb5 29. g3 Rh3 30. Bf2 g5 31. fxg5 Bxg5 32. Bg4 Rh6 33. Bd4 e5 34. a4 exd4
35. axb5 d3+ 36. Kb2 Be3 37. Bf3 d4 38. Rxa7+ Ke8 39. Ra6 Rh3 40. Rg6 Kf7 41.
Rg4 1-0

[Event "PRO League Group Stage"]
[Site "chess.com INT"]
[Date "2019.03.14"]
[Round "10"]
[White "Diaz Camallonga, Carles"]
[Black "Braun, Arik"]
[Result "1/2-1/2"]
[WhiteTitle "IM"]
[BlackTitle "GM"]
[WhiteElo "2432"]
[BlackElo "2598"]
[WhiteTeam "Barcelona Raptors"]
[BlackTeam "Berlin Bears"]
[WhiteFideId "22235256"]
[BlackFideId "4663527"]
[EventDate "2019.01.08"]

1. e4 c6 2. Nf3 d5 3. Nc3 Bg4 4. Be2 e6 5. d4 Nf6 6. e5 Nfd7 7. Ng5 Bxe2 8. Qxe2
Be7 9. Qh5 Bxg5 10. Bxg5 Qb6 11. O-O-O h6 12. Rhe1 Nf8 13. Be3 Nbd7 14. f4 g6
15. Qh4 h5 16. Ne2 Qd8 17. Qg3 Nb6 18. f5 h4 19. Qf3 gxf5 20. g4 hxg3 21. hxg3
Qd7 22. Bg5 Rg8 23. Bh4 Nc8 24. Nf4 Ne7 25. Nh5 Nh7 26. Qa3 Ng6 27. Bf6 Qc7 28.
g4 fxg4 29. Rg1 Kd7 30. Rxg4 Raf8 31. Rdg1 a6 32. Nf4 Nxf6 33. exf6 Kc8 34. Nxg6
fxg6 35. Rxg6 Qf4+ 36. Kb1 Rh8 37. Qe7 Qc7 38. Qxe6+ Kb8 39. Rg7 Qb6 40. c3 Qb5
41. Qe3 Ka7 42. f7 Rh2 43. b3 Qa5 44. a4 Qb6 45. b4 a5 46. Qe7 axb4 47. Qxb4
Qxb4+ 48. cxb4 Rf2 49. R1g4 R8xf7 50. Rxf7 Rxf7 51. Kb2 Rf3 52. Rh4 Rd3 53. Rf4
Kb6 54. Rg4 Kc7 55. Rg7+ Kb6 56. Rg4 Re3 57. Kc2 Ra3 58. a5+ Ka6 59. Rf4 Kb5 60.
Rf7 Kxb4 61. Rxb7+ Kxa5 62. Kd2 Ka6 63. Rb8 Ra4 64. Kd3 Rc4 65. Rb1 Ka5 66. Rb8
Ka4 67. Ra8+ Kb3 68. Rb8+ Rb4 69. Rc8 Rb6 70. Rc7 Kb4 71. Rc8 Kb5 72. Ra8 Ra6
73. Rb8+ Rb6 74. Ra8 Kb4 75. Ra1 Rb5 76. Rb1+ Ka5 77. Rc1 Kb6 78. Ra1 Kb7 79.
Ra2 Rb3+ 80. Kc2 Rg3 81. Ra1 Kc7 82. Re1 Kd6 83. Re2 Rg4 84. Kd3 Rg3+ 85. Kd2
Ra3 86. Re8 Kd7 87. Rh8 Ra2+ 88. Kc3 Ra3+ 89. Kc2 Ke6 90. Rh6+ Kf5 91. Rxc6 Ke4
92. Rh6 Kxd4 93. Rh4+ Kc5 94. Kd2 d4 95. Rh8 Ra2+ 96. Kd3 Ra3+ 97. Kd2 Ra2+ 98.
Kd3 Ra3+ 99. Kd2 1/2-1/2

[Event "PRO League Group Stage"]
[Site "chess.com INT"]
[Date "2019.03.14"]
[Round "10"]
[White "Bezold, Michael"]
[Black "Alvarado Diaz, Alejandro"]
[Result "1-0"]
[WhiteTitle "GM"]
[BlackTitle "IM"]
[WhiteElo "2487"]
[BlackElo "2388"]
[WhiteTeam "Berlin Bears"]
[BlackTeam "Barcelona Raptors"]
[WhiteFideId "4601718"]
[BlackFideId "2276119"]
[EventDate "2019.01.08"]

1. b3 Nf6 2. Bb2 g6 3. Bxf6 exf6 4. c4 d5 5. cxd5 Qxd5 6. Nc3 Qa5 7. a3 c6 8. g3
Bg7 9. Bg2 O-O 10. Nf3 f5 11. Qc2 f4 12. gxf4 Bf5 13. Qb2 Re8 14. O-O Rxe2 15.
b4 Qd8 16. Rfe1 Rxe1+ 17. Rxe1 Nd7 18. Qb3 Qc7 19. Re7 Rf8 20. Ng5 Nc5 21. Rxc7
Nxb3 22. Rxb7 Nxd2 23. Nce4 Nc4 24. Ng3 Nd6 25. Rxa7 h6 26. Nxf5 Nxf5 27. Nf3
Rd8 28. Bf1 Rd1 29. Kg2 Ra1 30. Bc4 Nd6 31. Bd3 Rd1 32. Be2 Rb1 33. Rd7 Bf8 34.
Ne5 Rb2 35. Bd3 Ra2 36. Nxf7 Nxf7 37. Bc4 Rxa3 38. Rxf7 Rc3 39. Be6 Bg7 40. Rc7+
Kf8 41. Rf7+ Kg8 42. h4 Rc2 43. b5 Kh8 44. Rd7 cxb5 45. Rd8+ Bf8 46. Rxf8+ Kg7
47. Rf7+ Kh8 48. Rb7 Rc5 49. Kg3 h5 50. Bd7 Rc3+ 51. f3 Rc1 52. Bxb5 Rg1+ 53.
Kh2 Rb1 54. Bc6 Rc1 55. Be4 g5 56. fxg5 1-0